[Event "13. Golden Prague Rapid Open"]
[Site "Praha"]
[Date "2017.07.01"]
[Round "2.18"]
[White "Veselsky, Jan"]
[Black "Fedorov, Evgueny"]
[Result "0-1"]
[WhiteElo "1727"]
[BlackElo "2251"]
[Annotator ""]
[Source ""]
[Remark ""]

1.d4 {[%clk 0:12:04]} Nf6 {[%clk 0:12:05]} 2.c4 {[%clk 0:12:01]}
e6 {[%clk 0:12:06]} 3.Nc3 {[%clk 0:12:01]} Bb4 {[%clk 0:12:08]}
4.Nf3 {[%clk 0:12:03]} O-O {[%clk 0:12:06]} 5.Bg5 {[%clk 0:11:53]}
h6 {[%clk 0:12:06]} 6.Bh4 {[%clk 0:11:34]} d5 {[%clk 0:12:07]}
7.e3 {[%clk 0:11:03]} Nbd7 {[%clk 0:11:58]} 8.Bd3 {[%clk 0:09:34]}
c5 {[%clk 0:11:57]} 9.cxd5 {[%clk 0:09:34]} exd5 {[%clk 0:11:53]}
10.O-O {[%clk 0:09:12]} Re8 {[%clk 0:10:40]} 11.Rc1 {[%clk 0:08:41]}
cxd4 {[%clk 0:10:16]} 12.Nxd4 {[%clk 0:08:14]} Ne5 {[%clk 0:10:06]}
13.Bb1 {[%clk 0:08:05]} Be6 {[%clk 0:06:04]} 14.Qc2 {[%clk 0:07:22]}
Ng6 {[%clk 0:05:55]} 15.Bg3 {[%clk 0:06:27]} Rc8 {[%clk 0:05:13]}
16.Rfd1 {[%clk 0:05:28]} Bxc3 {[%clk 0:03:41]} 17.bxc3 {[%clk 0:05:25]}
Qb6 {[%clk 0:03:14]} 18.Qe2 {[%clk 0:04:47]} Bg4 {[%clk 0:02:50]}
19.f3 {[%clk 0:04:18]} Bd7 {[%clk 0:02:52]} 20.Bxg6 {[%clk 0:04:13]}
fxg6 {[%clk 0:02:53]} 21.Qd3 {[%clk 0:03:55]} Kh7 {[%clk 0:02:48]}
22.Bf2 {[%clk 0:03:36]} Qa5 {[%clk 0:02:26]} 23.Rd2 {[%clk 0:03:17]}
Rc7 {[%clk 0:02:15]} 24.Nb3 {[%clk 0:02:53]} Qa4 {[%clk 0:02:15]}
25.Qd4 {[%clk 0:02:25]} Rc4 {[%clk 0:02:14]} 26.Qd3 {[%clk 0:02:20]}
Rec8 {[%clk 0:02:11]} 27.Nd4 {[%clk 0:01:58]} b5 {[%clk 0:02:04]}
28.Ne2 {[%clk 0:01:52]} Bf5 {[%clk 0:01:58]} 29.e4 {[%clk 0:01:47]}
dxe4 {[%clk 0:01:58]} 30.fxe4 {[%clk 0:01:44]} Nxe4 {[%clk 0:01:59]}
31.Bd4 {[%clk 0:01:16]} Nxc3 {[%clk 0:01:26]} 32.Qe3 {[%clk 0:00:44]}
Nxe2+ {[%clk 0:01:27]} 0-1

[Event "13. Golden Prague Rapid Open"]
[Site "Praha"]
[Date "2017.07.01"]
[Round "3.1"]
[White "Pribyl, Josef"]
[Black "Konopka, Michal"]
[Result "1/2-1/2"]
[WhiteElo "2240"]
[BlackElo "2415"]
[Annotator ""]
[Source ""]
[Remark ""]

1.c4 {[%clk 0:12:05]} Nf6 {[%clk 0:11:59]} 2.Nf3 {[%clk 0:12:06]}
g6 {[%clk 0:11:32]} 3.Nc3 {[%clk 0:12:06]} d5 {[%clk 0:11:22]}
4.cxd5 {[%clk 0:12:06]} Nxd5 {[%clk 0:11:23]} 5.e4 {[%clk 0:12:08]}
Nb6 {[%clk 0:11:00]} 6.d4 {[%clk 0:12:04]} Bg7 {[%clk 0:11:01]}
7.h3 {[%clk 0:12:00]} O-O {[%clk 0:10:58]} 8.Be3 {[%clk 0:11:50]}
c6 {[%clk 0:09:27]} 9.Be2 {[%clk 0:11:33]} a5 {[%clk 0:08:46]}
10.O-O {[%clk 0:11:31]} a4 {[%clk 0:08:38]} 11.Qc1 {[%clk 0:11:17]}
N8d7 {[%clk 0:07:57]} 12.Bh6 {[%clk 0:11:16]} Nf6 {[%clk 0:07:57]}
13.Rd1 {[%clk 0:11:05]} Be6 {[%clk 0:07:40]} 14.Qg5 {[%clk 0:10:41]}
Bc4 {[%clk 0:07:14]} 15.Re1 {[%clk 0:10:07]} e6 {[%clk 0:06:13]}
16.Rad1 {[%clk 0:09:58]} Nh5 {[%clk 0:05:36]} 17.Qxd8 {[%clk 0:09:49]}
Rfxd8 {[%clk 0:05:28]} 18.Bg5 {[%clk 0:09:30]} Bf6 {[%clk 0:03:40]}
19.Bh6 {[%clk 0:09:19]} Bg7 {[%clk 0:03:14]} 20.Bg5 {[%clk 0:09:21]}
Bf6 {[%clk 0:03:14]} 21.Bh6 Bxe2 22.Rxe2 Nc4 23.g4 Ng7 24.e5
Be7 25.Ne4 b5 26.Nf6+ Bxf6 27.exf6 Ne8 1/2-1/2

[Event "13. Golden Prague Rapid Open"]
[Site "Praha"]
[Date "2017.07.01"]
[Round "3.2"]
[White "Plischki, Sebastian"]
[Black "Rydl, Jiri"]
[Result "1-0"]
[WhiteElo "2415"]
[BlackElo "2196"]
[Annotator ""]
[Source ""]
[Remark ""]

1.Nf3 {[%clk 0:12:03]} Nf6 {[%clk 0:12:03]} 2.c4 {[%clk 0:12:02]}
e6 {[%clk 0:12:03]} 3.g3 {[%clk 0:12:01]} a6 {[%clk 0:11:58]}
4.Bg2 {[%clk 0:11:57]} b5 {[%clk 0:11:56]} 5.b3 {[%clk 0:11:56]}
c5 {[%clk 0:11:27]} 6.Nc3 {[%clk 0:11:52]} Qb6 {[%clk 0:11:22]}
7.e4 {[%clk 0:11:39]} d6 {[%clk 0:10:51]} 8.d4 {[%clk 0:11:25]}
cxd4 {[%clk 0:09:07]} 9.Nxd4 {[%clk 0:11:24]} Bb7 {[%clk 0:08:32]}
10.O-O {[%clk 0:11:12]} Be7 {[%clk 0:07:09]} 11.cxb5 {[%clk 0:10:51]}
O-O {[%clk 0:07:03]} 12.Re1 {[%clk 0:10:45]} axb5 {[%clk 0:06:30]}
13.Ndxb5 {[%clk 0:10:41]} Na6 {[%clk 0:05:16]} 14.Be3 {[%clk 0:10:23]}
Qc6 {[%clk 0:04:52]} 15.a4 {[%clk 0:09:46]} Rfd8 {[%clk 0:04:45]}
16.Rc1 {[%clk 0:09:21]} Qe8 {[%clk 0:04:46]} 17.Qe2 {[%clk 0:08:55]}
Nd7 {[%clk 0:04:31]} 18.b4 {[%clk 0:08:37]} Rac8 {[%clk 0:04:25]}
19.Qb2 {[%clk 0:08:00]} Ne5 {[%clk 0:04:23]} 20.Rcd1 {[%clk 0:07:33]}
Nc4 {[%clk 0:04:20]} 21.Qb3 {[%clk 0:07:34]} Nxe3 {[%clk 0:03:54]}
22.Rxe3 {[%clk 0:07:36]} Ba8 {[%clk 0:02:42]} 23.Red3 {[%clk 0:07:23]}
Rb8 {[%clk 0:02:44]} 24.h4 {[%clk 0:06:14]} h6 {[%clk 0:02:45]}
25.Nxd6 {[%clk 0:05:50]} Bxd6 {[%clk 0:02:46]} 26.Rxd6 {[%clk 0:05:51]}
Rxd6 {[%clk 0:02:43]} 27.Rxd6 {[%clk 0:05:53]} Nxb4 {[%clk 0:02:10]}
28.Nb5 {[%clk 0:05:33]} Nc6 {[%clk 0:01:58]} 29.Qc3 {[%clk 0:05:02]}
Rc8 {[%clk 0:01:49]} 30.e5 {[%clk 0:04:31]} Na7 {[%clk 0:00:58]}
31.Qd3 {[%clk 0:03:46]} Nxb5 {[%clk 0:00:56]} 32.axb5 {[%clk 0:03:45]}
Bxg2 {[%clk 0:00:57]} 33.Kxg2 {[%clk 0:03:46]} g6 {[%clk 0:00:29]}
34.b6 {[%clk 0:03:46]} Rb8 {[%clk 0:00:31]} 35.b7 {[%clk 0:03:31]}
Kg7 {[%clk 0:00:21]} 36.Rd7 {[%clk 0:03:32]} Qf8 {[%clk 0:00:10]}
37.Qf3 {[%clk 0:03:21]} Kg8 {[%clk 0:00:07]} 38.Rc7 {[%clk 0:03:03]}
Rd8 {[%clk 0:00:06]} 39.Qc6 {[%clk 0:02:41]} Qb4 {[%clk 0:00:05]}
40.Rc8 1-0

[Event "13. Golden Prague Rapid Open"]
[Site "Praha"]
[Date "2017.07.01"]
[Round "3.3"]
[White "Hosticka, Frantisek"]
[Black "Kiss, Pal"]
[Result "1/2-1/2"]
[WhiteElo "2138"]
[BlackElo "2339"]
[Annotator ""]
[Source ""]
[Remark ""]

1.e4 {[%clk 0:12:06]} c5 {[%clk 0:12:04]} 2.Nf3 {[%clk 0:12:08]}
Nc6 {[%clk 0:12:06]} 3.Bb5 {[%clk 0:12:09]} e6 {[%clk 0:12:07]}
4.b3 {[%clk 0:11:54]} Nge7 {[%clk 0:12:06]} 5.Bb2 {[%clk 0:11:56]}
a6 {[%clk 0:12:06]} 6.Be2 {[%clk 0:11:12]} d5 {[%clk 0:11:17]}
7.exd5 {[%clk 0:11:03]} Nxd5 {[%clk 0:11:08]} 8.O-O {[%clk 0:10:10]}
Nf6 {[%clk 0:10:37]} 9.d4 {[%clk 0:09:53]} Be7 {[%clk 0:10:15]}
10.c4 {[%clk 0:08:55]} O-O {[%clk 0:09:59]} 11.dxc5 {[%clk 0:08:15]}
Bxc5 {[%clk 0:09:38]} 12.Qxd8 {[%clk 0:07:33]} Rxd8 {[%clk 0:09:36]}
13.Nc3 {[%clk 0:07:16]} Bd7 {[%clk 0:08:21]} 14.Rfd1 {[%clk 0:06:56]}
Be8 {[%clk 0:08:11]} 15.h3 {[%clk 0:06:52]} h6 {[%clk 0:07:18]}
16.Kf1 {[%clk 0:06:41]} Rac8 {[%clk 0:07:07]} 17.Rxd8 {[%clk 0:05:59]}
Rxd8 {[%clk 0:07:04]} 18.Rd1 {[%clk 0:05:51]} Rxd1+ {[%clk 0:06:22]}
19.Bxd1 {[%clk 0:05:38]} Nd7 {[%clk 0:06:07]} 20.Ne4 {[%clk 0:05:22]}
Be7 {[%clk 0:06:02]} 21.Nd4 {[%clk 0:04:17]} Nxd4 {[%clk 0:05:35]}
22.Bxd4 {[%clk 0:04:19]} f5 {[%clk 0:05:28]} 23.Ng3 {[%clk 0:04:02]}
g6 {[%clk 0:05:07]} 24.f4 {[%clk 0:03:34]} Bd6 {[%clk 0:05:04]}
25.Ne2 {[%clk 0:03:19]} g5 {[%clk 0:04:19]} 26.Be3 {[%clk 0:02:56]}
Be7 {[%clk 0:03:47]} 27.Bc2 {[%clk 0:02:40]} Nf8 {[%clk 0:03:16]}
28.g4 {[%clk 0:02:10]} fxg4 {[%clk 0:02:55]} 29.hxg4 {[%clk 0:02:01]}
gxf4 {[%clk 0:02:23]} 30.Bxf4 {[%clk 0:01:50]} h5 {[%clk 0:02:15]}
31.gxh5 {[%clk 0:01:43]} Bxh5 {[%clk 0:02:16]} 32.Be4 {[%clk 0:01:32]}
b5 {[%clk 0:02:09]} 33.cxb5 {[%clk 0:01:22]} axb5 {[%clk 0:02:11]}
34.a4 {[%clk 0:01:20]} bxa4 {[%clk 0:02:11]} 35.bxa4 {[%clk 0:01:23]}
Be8 {[%clk 0:02:02]} 36.a5 Bb5 37.Kf2 Bc5+ 38.Be3 Nd7 39.Nd4
Bxd4 40.Bxd4 Nb8 41.Ke3 Nc6 42.Bc3 Nxa5 43.Bxa5 1/2-1/2

[Event "13. Golden Prague Rapid Open"]
[Site "Praha"]
[Date "2017.07.01"]
[Round "3.4"]
[White "Frolov, Artur"]
[Black "Benes, Petr"]
[Result "1-0"]
[WhiteElo "2332"]
[BlackElo "2137"]
[Annotator ""]
[Source ""]
[Remark ""]

1.e4 {[%clk 0:12:05]} Nc6 {[%clk 0:12:00]} 2.d4 {[%clk 0:12:02]}
e5 {[%clk 0:12:01]} 3.dxe5 {[%clk 0:11:36]} Nxe5 {[%clk 0:12:01]}
4.Nf3 {[%clk 0:11:35]} Nxf3+ {[%clk 0:11:57]} 5.Qxf3 {[%clk 0:11:36]}
Qf6 {[%clk 0:11:58]} 6.Qxf6 {[%clk 0:11:06]} Nxf6 {[%clk 0:11:58]}
7.Nc3 {[%clk 0:11:08]} Bb4 {[%clk 0:11:45]} 8.Bd2 {[%clk 0:11:05]}
O-O {[%clk 0:11:32]} 9.f3 {[%clk 0:10:56]} d5 {[%clk 0:09:08]}
10.Nxd5 {[%clk 0:09:06]} Nxd5 {[%clk 0:09:08]} 11.exd5 {[%clk 0:09:08]}
Bxd2+ {[%clk 0:08:36]} 12.Kxd2 {[%clk 0:09:09]} Rd8 {[%clk 0:08:39]}
13.c4 {[%clk 0:08:38]} c6 {[%clk 0:08:37]} 14.Bd3 {[%clk 0:08:20]}
cxd5 {[%clk 0:08:24]} 15.c5 {[%clk 0:08:21]} Be6 {[%clk 0:06:52]}
16.b4 {[%clk 0:08:19]} Rac8 {[%clk 0:05:44]} 17.Rhc1 {[%clk 0:08:19]}
Rc7 {[%clk 0:05:23]} 18.a4 {[%clk 0:08:07]} Rdc8 {[%clk 0:05:02]}
19.a5 {[%clk 0:08:07]} a6 {[%clk 0:04:35]} 20.Kc3 {[%clk 0:07:46]}
d4+ {[%clk 0:04:18]} 21.Kxd4 {[%clk 0:07:35]} Rd8+ {[%clk 0:04:07]}
22.Kc3 {[%clk 0:07:12]} Rcd7 {[%clk 0:03:57]} 23.Rd1 {[%clk 0:05:49]}
Kf8 {[%clk 0:03:54]} 24.Bc2 {[%clk 0:05:27]} Ke7 {[%clk 0:03:32]}
25.Rxd7+ {[%clk 0:05:28]} Rxd7 {[%clk 0:03:34]} 26.Rd1 {[%clk 0:05:29]}
Bd5 {[%clk 0:03:17]} 27.Be4 {[%clk 0:04:07]} Bc6 {[%clk 0:02:37]}
28.Rxd7+ {[%clk 0:03:57]} Kxd7 {[%clk 0:02:36]} 29.Bxh7 {[%clk 0:03:15]}
g6 {[%clk 0:02:36]} 30.h4 {[%clk 0:03:16]} Ke6 {[%clk 0:02:01]}
31.h5 gxh5 32.Kd4 {[%clk 0:03:16]} f5 {[%clk 0:01:55]} 33.Bg8+
{[%clk 0:03:14]} Kd7 {[%clk 0:01:48]} 34.Ke5 {[%clk 0:03:08]}
h4 {[%clk 0:01:23]} 35.Kxf5 {[%clk 0:03:01]} h3 {[%clk 0:01:08]}
36.gxh3 {[%clk 0:02:55]} Bxf3 {[%clk 0:01:10]} 37.Ke5 {[%clk 0:02:48]}
Kc6 {[%clk 0:01:11]} 38.Bc4 {[%clk 0:02:48]} Bg2 {[%clk 0:00:18]}
39.h4 {[%clk 0:02:48]} Bf3 {[%clk 0:00:20]} 40.Kf6 {[%clk 0:02:46]} 1-0

[Event "13. Golden Prague Rapid Open"]
[Site "Praha"]
[Date "2017.07.01"]
[Round "3.5"]
[White "Tsenov, Tsvetoslav"]
[Black "Balacek, Tadeas"]
[Result "0-1"]
[WhiteElo "2129"]
[BlackElo "2308"]
[Annotator ""]
[Source ""]
[Remark ""]

1.e4 {[%clk 0:12:05]} e6 {[%clk 0:12:05]} 2.d4 {[%clk 0:12:07]}
d5 {[%clk 0:12:07]} 3.e5 {[%clk 0:12:09]} c5 {[%clk 0:12:10]}
4.c3 {[%clk 0:12:11]} Nc6 {[%clk 0:12:12]} 5.Nf3 {[%clk 0:12:12]}
Bd7 {[%clk 0:12:14]} 6.Be2 {[%clk 0:12:11]} Rc8 {[%clk 0:11:57]}
7.O-O {[%clk 0:11:59]} cxd4 {[%clk 0:11:55]} 8.cxd4 {[%clk 0:12:00]}
Nge7 {[%clk 0:11:56]} 9.Nc3 {[%clk 0:11:47]} Nf5 {[%clk 0:11:53]}
10.Be3 {[%clk 0:11:48]} Be7 {[%clk 0:11:42]} 11.Rc1 {[%clk 0:11:17]}
O-O {[%clk 0:11:41]} 12.Bd3 {[%clk 0:11:18]} Nxe3 {[%clk 0:11:36]}
13.fxe3 {[%clk 0:11:20]} f5 {[%clk 0:11:14]} 14.exf6 {[%clk 0:10:48]}
Bxf6 {[%clk 0:11:14]} 15.Bb1 {[%clk 0:10:48]} Be8 {[%clk 0:11:01]}
16.a3 {[%clk 0:10:08]} Bh5 {[%clk 0:10:10]} 17.Bd3 {[%clk 0:09:25]}
Kh8 {[%clk 0:09:10]} 18.Qc2 {[%clk 0:09:09]} g6 {[%clk 0:08:57]}
19.Kh1 {[%clk 0:08:37]} Bg7 {[%clk 0:08:38]} 20.Be2 {[%clk 0:07:31]}
Bh6 {[%clk 0:08:37]} 21.Qd3 {[%clk 0:07:26]} Qe7 {[%clk 0:07:35]}
22.Rce1 {[%clk 0:07:19]} Bg4 {[%clk 0:06:28]} 23.h3 {[%clk 0:05:14]}
Bf5 {[%clk 0:06:28]} 24.Qd2 {[%clk 0:05:17]} Be4 {[%clk 0:05:52]}
25.Nxe4 {[%clk 0:04:58]} dxe4 {[%clk 0:05:53]} 26.Ng1 {[%clk 0:05:00]}
Qd6 {[%clk 0:05:33]} 27.Bg4 {[%clk 0:04:40]} Ne7 {[%clk 0:05:09]}
28.Ne2 {[%clk 0:04:32]} Nd5 {[%clk 0:05:02]} 29.Rxf8+ {[%clk 0:03:24]}
Rxf8 {[%clk 0:04:55]} 30.Ng1 {[%clk 0:03:27]} Qg3 {[%clk 0:04:39]}
31.Bxe6 {[%clk 0:02:19]} Rf2 {[%clk 0:04:27]} 32.Qxf2 {[%clk 0:02:20]}
Qxf2 33.Re2 Qg3 {[%clk 0:03:36]} 34.Bxd5 {[%clk 0:02:22]} Bxe3
{[%clk 0:02:54]} 35.Bxe4 {[%clk 0:02:24]} Bxd4 {[%clk 0:02:54]}
36.Nf3 {[%clk 0:02:20]} Bc5 {[%clk 0:02:38]} 37.Bxb7 {[%clk 0:01:38]}
Qf4 {[%clk 0:02:14]} 38.Be4 {[%clk 0:01:03]} g5 {[%clk 0:02:06]}
39.Re1 {[%clk 0:00:22]} g4 {[%clk 0:01:37]} 40.Nh2 {[%clk 0:00:10]}
Bf2 {[%clk 0:00:35]} 41.Rf1 Qxe4 42.Rxf2 g3 {[%clk 0:00:25]}
43.Rf8+ {[%clk 0:00:00]} Kg7 {[%clk 0:00:24]} 44.Nf3 {[%clk 0:00:00]} 0-1

[Event "13. Golden Prague Rapid Open"]
[Site "Praha"]
[Date "2017.07.01"]
[Round "3.6"]
[White "Vetrovsky, Michal"]
[Black "Chudinovskikh, Alexander M"]
[Result "1/2-1/2"]
[WhiteElo "2081"]
[BlackElo "2250"]
[Annotator ""]
[Source ""]
[Remark ""]

1.d4 {[%clk 0:12:04]} Nf6 {[%clk 0:12:05]} 2.Bf4 {[%clk 0:12:04]}
c5 {[%clk 0:11:49]} 3.c3 {[%clk 0:12:06]} Qb6 {[%clk 0:11:45]}
4.Qb3 {[%clk 0:12:04]} cxd4 {[%clk 0:11:39]} 5.Qxb6 {[%clk 0:12:05]}
axb6 {[%clk 0:11:40]} 6.cxd4 {[%clk 0:12:06]} Nc6 {[%clk 0:11:39]}
7.Na3 {[%clk 0:10:26]} Nxd4 {[%clk 0:11:25]} 8.e3 {[%clk 0:10:15]}
Rxa3 {[%clk 0:10:29]} 9.exd4 {[%clk 0:10:15]} Ra4 {[%clk 0:10:06]}
10.Nf3 {[%clk 0:10:16]} Nd5 {[%clk 0:09:51]} 11.Bd2 {[%clk 0:10:09]}
e6 {[%clk 0:09:29]} 12.Bb5 {[%clk 0:09:55]} Ra8 {[%clk 0:09:26]}
13.O-O {[%clk 0:09:30]} Bb4 {[%clk 0:09:17]} 14.a3 {[%clk 0:09:21]}
Bxd2 {[%clk 0:09:16]} 15.Nxd2 {[%clk 0:09:23]} Ke7 {[%clk 0:09:04]}
16.Bc4 {[%clk 0:09:16]} Nf6 {[%clk 0:08:50]} 17.d5 {[%clk 0:09:10]}
d6 {[%clk 0:08:32]} 18.dxe6 {[%clk 0:08:56]} Bxe6 {[%clk 0:08:22]}
19.Bd3 {[%clk 0:08:54]} Rhc8 {[%clk 0:08:14]} 20.Rac1 {[%clk 0:08:54]}
Rc5 {[%clk 0:08:06]} 21.Ne4 {[%clk 0:08:45]} Nxe4 {[%clk 0:08:00]}
22.Bxe4 {[%clk 0:08:45]} Rac8 {[%clk 0:07:53]} 23.Rcd1 {[%clk 0:08:07]}
d5 {[%clk 0:07:46]} 24.Bd3 {[%clk 0:08:04]} h6 {[%clk 0:07:34]}
25.f3 {[%clk 0:07:57]} Kf6 {[%clk 0:07:26]} 26.Kf2 {[%clk 0:07:58]}
g5 {[%clk 0:06:57]} 27.Ke3 {[%clk 0:07:50]} Bf5 {[%clk 0:06:16]}
28.Bxf5 {[%clk 0:07:45]} Kxf5 {[%clk 0:06:18]} 29.Rf2 {[%clk 0:07:46]}
Ke5 {[%clk 0:05:59]} 30.Rfd2 {[%clk 0:07:39]} f5 {[%clk 0:05:51]}
31.g3 {[%clk 0:07:40]} f4+ {[%clk 0:05:52]} 32.Kf2 {[%clk 0:07:37]}
Rc2 {[%clk 0:05:51]} 33.Re1+ {[%clk 0:07:39]} Kd6 {[%clk 0:05:50]}
34.Ree2 {[%clk 0:07:41]} Rxd2 {[%clk 0:05:45]} 35.Rxd2 {[%clk 0:07:43]}
Rc4 {[%clk 0:05:43]} 36.Ke2 {[%clk 0:07:43]} Ke5 {[%clk 0:05:34]}
37.Kf2 {[%clk 0:07:29]} b5 {[%clk 0:05:23]} 38.Re2+ {[%clk 0:07:28]}
Kd6 {[%clk 0:05:23]} 39.Rd2 {[%clk 0:07:27]} Kc5 {[%clk 0:05:23]}
40.Ke2 {[%clk 0:07:27]} b4 {[%clk 0:05:20]} 41.b3 {[%clk 0:06:20]}
Rc3 {[%clk 0:04:31]} 42.axb4+ {[%clk 0:06:22]} Kxb4 {[%clk 0:04:25]}
43.gxf4 {[%clk 0:06:24]} gxf4 {[%clk 0:04:11]} 44.Rxd5 {[%clk 0:06:23]}
Rxb3 {[%clk 0:03:58]} 45.Rd4+ {[%clk 0:06:25]} Kc3 {[%clk 0:03:53]}
46.Rxf4 {[%clk 0:06:27]} Rb2+ {[%clk 0:03:53]} 47.Ke3 {[%clk 0:06:27]}
Rxh2 {[%clk 0:03:50]} 48.Rf6 {[%clk 0:06:22]} b5 {[%clk 0:03:51]}
49.Rc6+ {[%clk 0:06:22]} Kb3 {[%clk 0:03:48]} 50.f4 {[%clk 0:06:24]}
Rh1 {[%clk 0:03:32]} 51.f5 {[%clk 0:06:21]} b4 {[%clk 0:03:30]}
52.Ke4 {[%clk 0:06:14]} Re1+ {[%clk 0:03:18]} 53.Kd5 {[%clk 0:06:11]}
Rf1 {[%clk 0:03:06]} 54.Ke6 {[%clk 0:06:13]} h5 {[%clk 0:03:02]}
55.f6 {[%clk 0:06:15]} h4 {[%clk 0:03:04]} 56.Rc8 {[%clk 0:06:14]}
Re1+ {[%clk 0:02:59]} 57.Kd6 {[%clk 0:06:14]} Rf1 {[%clk 0:02:50]}
58.Ke7 {[%clk 0:06:15]} Re1+ {[%clk 0:02:33]} 59.Kd7 {[%clk 0:06:15]}
Rf1 {[%clk 0:02:21]} 60.Ke7 {[%clk 0:06:17]} Re1+ {[%clk 0:02:15]}
61.Kd7 {[%clk 0:06:15]} 1/2-1/2

[Event "13. Golden Prague Rapid Open"]
[Site "Praha"]
[Date "2017.07.01"]
[Round "3.7"]
[White "Netusil, Miloslav"]
[Black "Pipek, Petr"]
[Result "1-0"]
[WhiteElo "2249"]
[BlackElo "1707"]
[Annotator ""]
[Source ""]
[Remark ""]

1.d4 {[%clk 0:12:03]} Nf6 {[%clk 0:12:05]} 2.c4 {[%clk 0:12:06]}
e5 {[%clk 0:12:07]} 3.dxe5 {[%clk 0:12:02]} Ng4 {[%clk 0:12:10]}
4.Nf3 {[%clk 0:12:03]} Nc6 {[%clk 0:12:12]} 5.Nc3 {[%clk 0:12:03]}
Ngxe5 {[%clk 0:12:13]} 6.Nxe5 {[%clk 0:12:03]} Nxe5 {[%clk 0:12:16]}
7.e3 {[%clk 0:11:54]} Bb4 {[%clk 0:12:07]} 8.Bd2 {[%clk 0:11:57]}
d6 {[%clk 0:12:09]} 9.Be2 {[%clk 0:11:55]} O-O {[%clk 0:12:09]}
10.O-O {[%clk 0:11:56]} Be6 {[%clk 0:12:03]} 11.b3 {[%clk 0:11:57]}
Re8 {[%clk 0:11:53]} 12.f4 {[%clk 0:11:15]} Nc6 {[%clk 0:11:43]}
13.f5 {[%clk 0:11:17]} Bd7 {[%clk 0:11:44]} 14.Nd5 {[%clk 0:10:56]}
Bxd2 {[%clk 0:11:44]} 15.Qxd2 {[%clk 0:10:58]} Ne5 {[%clk 0:11:40]}
16.f6 {[%clk 0:10:52]} Bc6 {[%clk 0:10:55]} 17.fxg7 {[%clk 0:10:01]}
Bxd5 {[%clk 0:10:20]} 18.Qxd5 {[%clk 0:10:03]} Qe7 {[%clk 0:10:22]}
19.Qxb7 {[%clk 0:09:36]} Kxg7 {[%clk 0:09:49]} 20.Rf2 {[%clk 0:09:09]}
Ng6 {[%clk 0:08:54]} 21.Raf1 {[%clk 0:08:58]} Ne5 {[%clk 0:07:15]}
22.h3 {[%clk 0:08:32]} Reb8 {[%clk 0:07:08]} 23.Qd5 {[%clk 0:08:30]}
Rf8 {[%clk 0:07:09]} 24.Kh1 {[%clk 0:08:17]} Qh4 {[%clk 0:06:48]}
25.Qd4 {[%clk 0:08:08]} Qe7 {[%clk 0:06:24]} 26.Rf5 {[%clk 0:08:01]}
Kg8 {[%clk 0:06:13]} 27.Bf3 {[%clk 0:07:41]} Nxf3 {[%clk 0:05:41]}
28.R1xf3 {[%clk 0:07:42]} 1-0

[Event "13. Golden Prague Rapid Open"]
[Site "Praha"]
[Date "2017.07.01"]
[Round "3.8"]
[White "Aubrecht, Petr"]
[Black "Reznicek, Marcel"]
[Result "0-1"]
[WhiteElo "1659"]
[BlackElo "2091"]
[Annotator ""]
[Source ""]
[Remark ""]

1.b3 d5 2.Bb2 c5 3.e3 Nc6 4.f4 e6 5.Nf3 Nf6 6.Be2 b6 7.O-O Bb7
8.Qe1 Qc7 9.d3 O-O-O 10.Ne5 Bd6 11.Na3 a6 12.Nxc6 Qxc6 13.Bf3
Qc7 14.c4 d4 15.Bxb7+ Kxb7 16.Qg3 Rhg8 17.exd4 cxd4 18.Nc2 Ka7
19.Bxd4 Nh5 20.Qf3 Nxf4 21.b4 g5 22.a4 e5 23.Bf2 Qb7 24.Qxb7+
Kxb7 25.c5 Be7 26.Rfd1 Rxd3 27.cxb6 Rgd8 28.Rxd3 Nxd3 29.Be3
f5 30.b5 a5 31.Rd1 f4 32.Bf2 e4 33.Bd4 Rxd4 34.Nxd4 Bc5 35.Kf1
Bxd4 36.Ke2 Kxb6 37.Rd2 Be3 38.Rc2 Nc5 39.Rc4 Bg1 40.h3 h5 41.Kf1
Be3 42.Ke2 g4 43.Rc3 Nxa4 44.Rc6+ Kxb5 45.Rh6 Bc5 46.Rxh5 f3+
47.gxf3 gxf3+ 48.Kf1 e3 49.Re5 Kc4 50.Re4+ Kb3 51.h4 Nc3 52.Rf4
f2 53.Re4 e2+ 54.Rxe2 Nxe2 55.Kxe2 Bd4 0-1

[Event "13. Golden Prague Rapid Open"]
[Site "Praha"]
[Date "2017.07.01"]
[Round "3.9"]
[White "Rahul, Srivasthav Peddi"]
[Black "Pochinkov, Andrey"]
[Result "1/2-1/2"]
[WhiteElo "1822"]
[BlackElo "2021"]
[Annotator ""]
[Source ""]
[Remark ""]

1.d4 Nf6 {[%clk 0:12:04]} 2.Bf4 {[%clk 0:12:01]} e6 {[%clk 0:11:56]}
3.e3 {[%clk 0:12:02]} d5 {[%clk 0:11:49]} 4.Nd2 {[%clk 0:12:04]}
Be7 {[%clk 0:11:38]} 5.Bd3 {[%clk 0:11:55]} O-O {[%clk 0:11:37]}
6.h3 {[%clk 0:11:55]} c5 {[%clk 0:11:32]} 7.c3 {[%clk 0:11:55]}
Nc6 {[%clk 0:11:24]} 8.Ngf3 {[%clk 0:11:55]} a6 {[%clk 0:11:09]}
9.Ne5 {[%clk 0:11:55]} Bd7 {[%clk 0:11:00]} 10.Bh2 {[%clk 0:11:35]}
b5 {[%clk 0:10:59]} 11.f4 {[%clk 0:11:35]} b4 {[%clk 0:10:47]}
12.g4 {[%clk 0:11:31]} bxc3 {[%clk 0:10:48]} 13.bxc3 {[%clk 0:11:32]}
cxd4 {[%clk 0:10:38]} 14.exd4 {[%clk 0:10:59]} Qa5 15.Qf3 Kh8
{[%clk 0:09:04]} 16.g5 {[%clk 0:10:55]} Qxc3 17.gxf6 Qxa1+ {[%clk 0:08:46]}
18.Bb1 {[%clk 0:06:00]} Bxf6 {[%clk 0:06:31]} 19.Nxd7 {[%clk 0:05:44]}
Rfc8 {[%clk 0:05:52]} 20.Qd3 {[%clk 0:04:20]} Bh4+ {[%clk 0:05:44]}
21.Kf1 {[%clk 0:03:26]} f5 {[%clk 0:05:32]} 22.Nf3 {[%clk 0:03:24]}
Nb4 {[%clk 0:05:26]} 23.Qd1 {[%clk 0:03:21]} Qb2 {[%clk 0:05:12]}
24.Nxh4 {[%clk 0:03:05]} Rc1 {[%clk 0:05:13]} 25.Qxc1 {[%clk 0:03:05]}
Qxc1+ {[%clk 0:05:14]} 26.Kg2 {[%clk 0:03:07]} Qd2+ {[%clk 0:05:08]}
27.Kg3 {[%clk 0:03:03]} g5 {[%clk 0:04:29]} 28.fxg5 {[%clk 0:02:29]}
Qxg5+ {[%clk 0:04:30]} 29.Kf3 {[%clk 0:02:31]} Qxh4 {[%clk 0:04:30]}
30.Be5+ {[%clk 0:02:33]} Kg8 {[%clk 0:04:30]} 31.Rg1+ Kf7 {[%clk 0:04:29]}
32.Rg7+ {[%clk 0:02:36]} Ke8 {[%clk 0:04:30]} 33.Nf6+ {[%clk 0:02:33]}
Kd8 {[%clk 0:04:18]} 34.Rd7+ {[%clk 0:00:54]} Kc8 {[%clk 0:04:20]}
35.Rc7+ {[%clk 0:00:57]} Kd8 {[%clk 0:04:22]} 36.Rxh7 {[%clk 0:00:48]}
Qe1 {[%clk 0:04:19]} 37.Rd7+ {[%clk 0:00:22]} Kc8 {[%clk 0:04:21]}
38.Rc7+ {[%clk 0:00:24]} Kd8 {[%clk 0:04:23]} 39.Rd7+ {[%clk 0:00:15]}
Kc8 {[%clk 0:04:25]} 40.Rc7+ {[%clk 0:00:06]} Kd8 {[%clk 0:04:27]} 1/2-1/2

[Event "13. Golden Prague Rapid Open"]
[Site "Praha"]
[Date "2017.07.01"]
[Round "3.10"]
[White "Fedorov, Evgueny"]
[Black "Tejkal, Jiri"]
[Result "1-0"]
[WhiteElo "2251"]
[BlackElo "1899"]
[Annotator ""]
[Source ""]
[Remark ""]

1.e4 {[%clk 0:12:04]} c6 {[%clk 0:12:05]} 2.d4 {[%clk 0:12:06]}
d5 {[%clk 0:12:07]} 3.exd5 {[%clk 0:12:08]} cxd5 {[%clk 0:12:09]}
4.c4 {[%clk 0:12:09]} Nf6 {[%clk 0:12:09]} 5.Nc3 {[%clk 0:12:11]}
e6 {[%clk 0:12:06]} 6.Nf3 {[%clk 0:12:12]} Nc6 {[%clk 0:12:03]}
7.cxd5 {[%clk 0:12:13]} exd5 {[%clk 0:12:03]} 8.Bd3 {[%clk 0:12:05]}
Be7 {[%clk 0:11:57]} 9.O-O {[%clk 0:12:04]} O-O {[%clk 0:11:58]}
10.h3 {[%clk 0:11:44]} a6 {[%clk 0:11:38]} 11.Bf4 {[%clk 0:11:42]}
b5 {[%clk 0:11:26]} 12.Rc1 {[%clk 0:11:43]} Bb7 {[%clk 0:11:27]}
13.Bb1 {[%clk 0:11:29]} Rc8 {[%clk 0:10:55]} 14.Re1 {[%clk 0:11:22]}
Re8 {[%clk 0:10:45]} 15.Qd3 {[%clk 0:10:45]} g6 {[%clk 0:10:42]}
16.Bg5 {[%clk 0:09:23]} Nb4 {[%clk 0:10:10]} 17.Qd2 {[%clk 0:09:23]}
Ne4 {[%clk 0:09:54]} 18.Nxe4 {[%clk 0:08:47]} dxe4 {[%clk 0:09:49]}
19.Rxc8 {[%clk 0:07:25]} Qxc8 {[%clk 0:09:37]} 20.Bxe7 {[%clk 0:07:07]}
exf3 {[%clk 0:08:46]} 21.Bxb4 {[%clk 0:07:06]} Rxe1+ {[%clk 0:08:29]}
22.Qxe1 {[%clk 0:07:08]} fxg2 {[%clk 0:08:29]} 23.d5 {[%clk 0:04:54]}
Bxd5 {[%clk 0:06:51]} 24.Bc3 {[%clk 0:04:50]} f6 {[%clk 0:06:14]}
25.Bxf6 {[%clk 0:04:20]} Be6 {[%clk 0:05:30]} 26.Bc3 {[%clk 0:03:59]}
Bxh3 {[%clk 0:04:48]} 27.Qe5 {[%clk 0:03:45]} Qd7 {[%clk 0:04:45]}
28.Bc2 {[%clk 0:03:29]} 1-0